ბათუმის შოთა რუსთაველის სახელმწიფო უნივერსიტეტის ბიბლიოთეკა

დასავლეთევროპული და ამერიკული ლიტერატურის ისტორიის ძირითადი ტენდენციები. ნ.1 (ბიბ.ჩანაწერი № 47244)

000 -LEADER
fixed length control field 01445nam a2200265Ia 4500
001 - CONTROL NUMBER
control field 14104
003 - CONTROL NUMBER IDENTIFIER
control field GE_BSU
008 - FIXED-LENGTH DATA ELEMENTS--GENERAL INFORMATION
fixed length control field 181216s||||||||xx |||||||||||||| ||und||
020 ## - INTERNATIONAL STANDARD BOOK NUMBER
International Standard Book Number 9789941434488
040 ## - CATALOGING SOURCE
Transcribing agency GE_BSU
080 ## - UNIVERSAL DECIMAL CLASSIFICATION NUMBER
Universal Decimal Classification number 821.111(73)09=821.134.2(7/8).09+821.134.3(81)09
100 ## - MAIN ENTRY--PERSONAL NAME
Personal name დავითაძე,თამილა
245 ## - TITLE STATEMENT
Title დასავლეთევროპული და ამერიკული ლიტერატურის ისტორიის ძირითადი ტენდენციები. ნ.1
245 ## - TITLE STATEMENT
Remainder of title XIX საუკუნის დასასრულსა და XX საუკუნის ლიტერატურა. სალექციო კურსი
245 ## - TITLE STATEMENT
Statement of responsibility, etc. რედ.მარინე გიორგაძე
260 ## - PUBLICATION, DISTRIBUTION, ETC.
Place of publication, distribution, etc. ბათუმი
260 ## - PUBLICATION, DISTRIBUTION, ETC.
Name of publisher, distributor, etc. შოთა რუსთაველის სახ. უნ–ტი
260 ## - PUBLICATION, DISTRIBUTION, ETC.
Date of publication, distribution, etc. 2014
300 ## - PHYSICAL DESCRIPTION
Extent 371გვ.20სმ.
653 ## - INDEX TERM--UNCONTROLLED
Uncontrolled term XIX საუკუნის დასასრულსა და XX საუკუნის ლიტერატურა.
653 ## - INDEX TERM--UNCONTROLLED
Uncontrolled term დასავლეთევროპული და ამერიკული ლიტერატურის ისტორიის ძირითადი ტენდენციები
653 ## - INDEX TERM--UNCONTROLLED
Uncontrolled term სალექციო კურსი
942 ## - ADDED ENTRY ELEMENTS (KOHA)
Koha item type წიგნი
ეგზემპლარები
Withdrawn status Lost status Damaged status Not for loan Date acquired Barcode Date last seen Price effective from Koha item type
        2018-12-17 37011 2018-12-17 2018-12-17 წიგნი
        2018-12-17 37012 2018-12-17 2018-12-17 წიგნი
        2018-12-17 37013 2018-12-17 2018-12-17 წიგნი
        2018-12-17 37014 2018-12-17 2018-12-17 წიგნი
        2018-12-17 37015 2018-12-17 2018-12-17 წიგნი
        2018-12-17 37016 2018-12-17 2018-12-17 წიგნი
        2018-12-17 37017 2018-12-17 2018-12-17 წიგნი
        2018-12-17 37018 2018-12-17 2018-12-17 წიგნი
        2018-12-17 37019 2018-12-17 2018-12-17 წიგნი
        2018-12-17 37020 2018-12-17 2018-12-17 წიგნი
        2018-12-17 37021 2018-12-17 2018-12-17 წიგნი
        2018-12-17 37022 2018-12-17 2018-12-17 წიგნი
        2018-12-17 37023 2018-12-17 2018-12-17 წიგნი
        2018-12-17 37024 2018-12-17 2018-12-17 წიგნი
        2018-12-17 37025 2018-12-17 2018-12-17 წიგნი
        2018-12-17 37026 2018-12-17 2018-12-17 წიგნი
        2018-12-17 37027 2018-12-17 2018-12-17 წიგნი
        2018-12-17 37028 2018-12-17 2018-12-17 წიგნი
        2018-12-17 37029 2018-12-17 2018-12-17 წიგნი
        2018-12-17 37030 2018-12-17 2018-12-17 წიგნი
        2018-12-17 37031 2018-12-17 2018-12-17 წიგნი
        2018-12-17 37032 2018-12-17 2018-12-17 წიგნი
        2018-12-17 37033 2018-12-17 2018-12-17 წიგნი
        2018-12-17 37034 2018-12-17 2018-12-17 წიგნი
        2018-12-17 37035 2018-12-17 2018-12-17 წიგნი
        2018-12-17 37036 2018-12-17 2018-12-17 წიგნი
        2018-12-17 37037 2018-12-17 2018-12-17 წიგნი
        2018-12-17 37038 2018-12-17 2018-12-17 წიგნი
        2018-12-17 37039 2018-12-17 2018-12-17 წიგნი
        2018-12-17 37040 2018-12-17 2018-12-17 წიგნი
        2018-12-17 37041 2018-12-17 2018-12-17 წიგნი
        2018-12-17 37042 2018-12-17 2018-12-17 წიგნი
        2018-12-17 37043 2018-12-17 2018-12-17 წიგნი
        2018-12-17 37044 2018-12-17 2018-12-17 წიგნი
        2018-12-17 37045 2018-12-17 2018-12-17 წიგნი
        2018-12-17 37046 2018-12-17 2018-12-17 წიგნი
        2018-12-17 37047 2018-12-17 2018-12-17 წიგნი
        2018-12-17 37048 2018-12-17 2018-12-17 წიგნი
        2018-12-17 37049 2018-12-17 2018-12-17 წიგნი
        2018-12-17 37050 2018-12-17 2018-12-17 წიგნი
        2018-12-17 37051 2018-12-17 2018-12-17 წიგნი
        2018-12-17 37052 2018-12-17 2018-12-17 წიგნი
        2018-12-17 37053 2018-12-17 2018-12-17 წიგნი
        2018-12-17 37054 2018-12-17 2018-12-17 წიგნი
        2018-12-17 37055 2018-12-17 2018-12-17 წიგნი